000 00291nam a22001337a 4500
008 210312b ||||| |||| 00| 0 eng d
041 _aeng
080 _211th
_a621
082 _211th
_a621
100 _a26
101 _aMEK
245 _aMechanical Drawing
_cFrench,E.TH
942 _2udc
_cBK
999 _c56504
_d56504